| 000 | 00661nam a22002057a 4500 | ||
|---|---|---|---|
| 999 |
_c446 _d446 |
||
| 003 | AR-CdUCM | ||
| 008 | 190223b ||||| |||| 00| 0 spa d | ||
| 040 |
_aMUNICIPALIDAD PROVINCIAL DEL CUSCO _cBIBLIOTECA MUNICIPAL DEL CUSCO |
||
| 082 |
_22 ed. _a869.56 / _bT33 |
||
| 100 |
_aTejada Manrrique, Juan _91755 |
||
| 245 | _aEfluvios del sentimiento / | ||
| 260 |
_aPeru : _bEdit.Amazonia Print, _c2000. |
||
| 300 |
_a206+ paginas ; _c19.5 cm. |
||
| 505 | _aNiña ausente --Confesiones de una madre / | ||
| 650 |
_aLiteratura narrativa _9197 |
||
| 650 |
_aConmoción afectiva _91756 |
||
| 650 |
_aPoetico _91757 |
||
| 942 |
_2ddc _cLIBROS |
||
| 945 |
_arjall _d2019-02-23 |
||